Normal view
MARC view
Entry Topical Term
001 - CONTROL NUMBER
- control field: 40368
003 - CONTROL NUMBER IDENTIFIER
- control field: ARRUPE
005 - DATE AND TIME OF LATEST TRANSACTION
- control field: 20180308141412.0
008 - FIXED-LENGTH DATA ELEMENTS
- fixed length control field: 180308|| aca||aabn | a|a d
040 ## - CATALOGING SOURCE
- Original cataloging agency: ARRUPE
- Transcribing agency: ARRUPE
150 ## - HEADING--TOPICAL TERM
- Topical term or geographic name as entry element: Ethiopia
- General subdivision: Education
670 ## - SOURCE DATA FOUND
- Source citation: Work cat.: (ARRUPE): Bezabeth, Bereket 40367, Civic and ethics studies for higher education in Ethiopia, 2016